• 首页
  • 本馆介绍
  • 公告通知
  • 最新文献
  • 馆藏检索
  • 电子资源
  • 读者导购
  • 参考咨询
  • 我的图书馆
  • 登录
  • 详细信息显示
  • 放入我的书架
  • 预约/预借图书
  • 作者相关作品
  • 分类相关作品
  • 丛书相关作品
  • 出版社相关作品

书目信息

  • 表格格式
  • 工作单格式
  • 卡片格式
题名:
门饰艺术
    
 
作者: 沈晓辉 编著
分册:  
出版信息: 沈阳   辽宁美术出版社  1994.6
页数: 288页
开本: 26cm
丛书名: 装饰设计艺术系列
单 册:
中图分类: TU228
科图分类:
主题词: 门-建筑装饰--图集 , 建筑装饰-门--图集
电子资源:
ISBN: 7-5314-1047-8
000 00861nam2 2200265 45
001 0194034343
005 20070727172318.01
010    @a7-5314-1047-8@b精装@dCNY160.00
100    @a19940726d1994 em y0chiy0121 ea
101 0  @achi
102    @aCN@b210000
105    @aa z 000yy
200 10 @a门饰艺术@AMEN SHI YI SHU@e[图集]@f沈晓辉等编著@FSHEN XIAO HUI DENG BIAN ZHU
210    @a沈阳@c辽宁美术出版社@d1994.6
215    @a288页@d26cm
225 2  @a装饰设计艺术系列
330    @a本图集分:古建筑门饰、仿古门饰、纪念性门及大门、近现代建筑门饰、商业门面装饰、民宅门饰、园林门饰、室内门饰8个部分。
410  0 @120010@a装饰设计艺术系列
540 1  @a门饰@AMEN SHI
606    @a门-建筑装饰@x图集
606    @a建筑装饰-门@x图集
690    @aTU228@v4
701  0 @a沈晓辉@ASHEN XIAO HUI@4编著
801  0 @aCN@bTSSF@c20070727
905    @a10447@dTU228@e386
    
    门饰艺术:[图集]/沈晓辉等编著.-沈阳:辽宁美术出版社,1994.6
    288页;26cm.-(装饰设计艺术系列)
    
    
    ISBN 7-5314-1047-8(精装):CNY160.00
    本图集分:古建筑门饰、仿古门饰、纪念性门及大门、近现代建筑门饰、商业门面装饰、民宅门饰、园林门饰、室内门饰8个部分。
●
相关链接 在E读中查询图书 在五车中查询图书 在当当中查询图书 在豆瓣中查询图书


正题名:门饰艺术     索取号:TU228/386         预约/预借

序号 登录号 条形码 馆藏地/架位号 状态 备注
1 0784382   207843823   第三借阅区/ [索取号:TU228/386] 在馆    
唐山师范学院图书馆 欢迎您!
大连网信软件有限公司© 版权所有